000 00454nam a2200181Ia 4500
001 25269
005 20260414151138.0
008 260414t2015||||xx |||||||||||||| ||spa||
041 _aESP
082 _a346.43
_bR82
100 _aRonquillo Pascual, Jimmy
_eAUT
245 0 _aTercería de propiedad :
_bcontra embargo e hipoteca
260 _c2015
300 _a542 páginas :
_c24 cm.
650 _aDER
654 _aCDE
942 _cLIB
_dJUS
_fJUS
_2ddc
_n
999 _c25269
_d25269